000 00374nam a2200169Ia 4500
008 210210b1961 xxu||||| |||| 00| 0 eng d
041 _aeng
082 _a822/1199
100 _aTAGORE (R)
245 _aVisit to japan
260 _aNew York
_bNot Mentioned
_c1961
650 _aVisit
650 _ato
650 _ajapan
690 _aEnglish Prose
906 _a013381
999 _c132246
_d132246